| 000 | 00514cam a22001932 4500 | ||
|---|---|---|---|
| 001 | 0000002741 | ||
| 005 | 20151217151903.0 | ||
| 008 | 070419s xx 000 0 eng d | ||
| 020 | _a0374107319 : | ||
| 040 |
_aKABU _cKABU |
||
| 050 | 0 |
_aPR9275 _b.A583K56 |
|
| 100 | 1 |
_aKincaid, Jamaica. _@0000092484 |
|
| 245 | 1 | 4 | _aThe Autobiography of my mother. |
| 260 |
_aNew York : _bFarrar Straus Giroux, _c1995. |
||
| 300 | _a228 p. | ||
| 908 | _a070419 | ||
| 950 | _@1 | ||
| 999 |
_c5999 _d5999 |
||